| 000 | 00480nam a22001937a 4500 | ||
|---|---|---|---|
| 001 | 0 | ||
| 003 | NUST | ||
| 005 | 20230131083525.0 | ||
| 008 | 170728b xxu||||| |||| 00| 0 eng d | ||
| 020 | _a9780007214716 | ||
| 040 | _c0 | ||
| 082 | _a869.342, COE | ||
| 100 |
_aCoelho, Paulo _93636 |
||
| 245 |
_aBy The River Piedra I Sat Down & Wept / _cPaulo Coelho |
||
| 260 |
_aINDIA _bHARPER _c1999 |
||
| 300 | _a192P | ||
| 651 |
_aEnglish Literature _9108138 |
||
| 942 |
_cFIC _2ddc |
||
| 999 |
_c330668 _d330668 |
||